| 000 | 00697nam a2200205 a 4500 | ||
|---|---|---|---|
| 005 | 20140310183517.0 | ||
| 008 | 110104s19uu xx 00 eng d | ||
| 020 | _a046669374 | ||
| 050 |
_aHD 62.5 _b.K96 2005 |
||
| 100 | _aKiyosaki, Robert | ||
| 245 |
_aRich Dad's before you quit your job: _bten real-life lessons every entrepreneur should know about building/ a multimillion-dollar business. _cRobert T. Kiyosaki. |
||
| 260 |
_aNew York : _bTime warner Business Book, _c2005. |
||
| 300 |
_a258 p. : _bill. ; _c23 cm. |
||
| 521 | _aBSBA | ||
| 650 | _aNew business enterprises. | ||
| 650 | _aEntrepreneurship. | ||
| 700 | _awith Sharon Lechter | ||
| 942 |
_cBK _2lcc _kFOR |
||
| 999 |
_c24316 _d24316 |
||